[Event "Junior Online 4NCL Division 4"]
[Site "online"]
[Date "2020.10.01"]
[Round "4.27"]
[White "Angelopoulos, Andreas"]
[Black "Kanellopoulos, Nickolas"]
[Result "1/2-1/2"]
[WhiteElo "1637"]
[BlackElo "1532"]
[PlyCount "90"]
[EventDate "2020.10.01"]
[WhiteTeam "Barnet Knights A"]
[BlackTeam "Colchester Juniors A"]

1. d4 d5 2. c4 e6 3. Nc3 Nf6 4. Nf3 Nc6 5. e3 Be7 6. Bd3 O-O 7. O-O Bd6 8. b3
Re8 9. Bb2 dxc4 10. bxc4 e5 11. Nb5 exd4 12. Nxd6 Qxd6 13. Nxd4 Nxd4 14. Bxd4
c5 15. Bb2 Rd8 16. Bc2 Qxd1 17. Raxd1 Be6 18. Bb3 Kf8 19. Bc3 a5 20. a4 b6 21.
Rd2 Rxd2 22. Bxd2 Rd8 23. Rd1 Ne4 24. Bc1 Rxd1+ 25. Bxd1 Bxc4 26. Bc2 Nc3 27.
Bb2 Nd5 28. e4 Nb4 29. Bd1 b5 30. axb5 Bxb5 31. Be5 f6 32. Bd6+ Kf7 33. Bxc5
Nd3 34. Bb6 a4 35. Be2 a3 36. Bd4 a2 37. Bxd3 Bxd3 38. f3 f5 39. exf5 Bxf5 40.
Kf2 g6 41. Ke1 Ke6 42. Kd2 Kd5 43. Ba1 Kc4 44. g4 Bb1 45. h4 Kd5 1/2-1/2

[Event "Junior Online 4NCL Division 4"]
[Site "online"]
[Date "2020.10.01"]
[Round "4.28"]
[White "Balaggan, Karam S"]
[Black "Ford, Conor"]
[Result "0-1"]
[WhiteElo "1420"]
[BlackElo "1427"]
[PlyCount "34"]
[EventDate "2020.10.01"]
[WhiteTeam "Colchester Juniors A"]
[BlackTeam "Barnet Knights A"]

1. e4 e5 2. Nf3 Nc6 3. Nc3 Nf6 4. d4 exd4 5. Nxd4 Nxd4 6. Qxd4 d6 7. e5 dxe5 8.
Qxe5+ Be7 9. Bg5 O-O 10. Bxf6 Bxf6 11. Qe4 Re8 12. Qxe8+ Qxe8+ 13. Be2 Bf5 14.
O-O Rd8 15. Rfe1 Bxc3 16. Bb5 Qxe1+ 17. Rxe1 Bxe1 0-1

[Event "Junior Online 4NCL Division 4"]
[Site "online"]
[Date "2020.10.01"]
[Round "4.31"]
[White "Smith, Ryan S"]
[Black "Zhao, George"]
[Result "1/2-1/2"]
[WhiteElo "1765"]
[BlackElo "1330"]
[PlyCount "100"]
[EventDate "2020.10.01"]
[WhiteTeam "KEGS Chelmsford"]
[BlackTeam "JHJ 5"]

1. e4 e6 2. d4 d5 3. Nc3 dxe4 4. Nxe4 Nd7 5. Nf3 Ngf6 6. Nxf6+ Nxf6 7. Bd3 Be7
8. Qe2 O-O 9. Bf4 b6 10. O-O-O Bb7 11. h4 Rc8 12. h5 c5 13. dxc5 Nd5 14. Qe4 f5
15. Qxe6+ Kh8 16. Be5 Rc6 17. Bxg7+ Kxg7 18. h6+ Kh8 19. Qe1 Bxc5 20. Ne5 Rd6
21. Bc4 a6 22. Rh3 b5 23. Bb3 a5 24. a3 b4 25. Nc4 Rg6 26. Qe5+ Qf6 27. Rxd5
Bxd5 28. Qxd5 Bxf2 29. Ne5 Rxh6 30. Nf7+ Rxf7 31. Qxf7 Qxf7 32. Bxf7 Rxh3 33.
gxh3 Kg7 34. Bc4 Be3+ 35. Kd1 Bc5 36. axb4 axb4 37. Ke2 Kf6 38. c3 bxc3 39.
bxc3 Kg5 40. Kf3 f4 41. Be6 Be3 42. Ke4 Kf6 43. Bf5 h5 44. Bc8 Kg5 45. c4 Bc5
46. Bd7 h4 47. Bc8 Be3 48. Bd7 Bc5 49. Bc8 Be3 50. Bd7 Bc5 1/2-1/2

[Event "Junior Online 4NCL Division 4"]
[Site "online"]
[Date "2020.10.01"]
[Round "4.32"]
[White "Bryant, Harry"]
[Black "Arun Jacob, Nigel A"]
[Result "1-0"]
[WhiteElo "1329"]
[BlackElo "1525"]
[PlyCount "117"]
[EventDate "2020.10.01"]
[WhiteTeam "JHJ 5"]
[BlackTeam "KEGS Chelmsford"]

1. d4 d5 2. Nc3 Nf6 3. Bf4 e6 4. e3 Bd6 5. Bg3 O-O 6. Nf3 Nc6 7. Bd3 a6 8. Qd2
b5 9. a3 Rb8 10. Bxd6 cxd6 11. h4 e5 12. Be2 exd4 13. Nxd4 Ne5 14. f4 Nc4 15.
Bxc4 dxc4 16. Nc6 Qc7 17. Nxb8 Qxb8 18. Rg1 Re8 19. O-O-O Qb6 20. Rge1 Bg4 21.
Qxd6 Qb7 22. Rd4 Qa7 23. Nd5 Qxd4 24. exd4 Rxe1+ 25. Kd2 Ne4+ 26. Kxe1 Nxd6 27.
Nc7 Bc8 28. c3 g6 29. g3 Ne4 30. Nd5 Nxg3 31. Ne7+ Kg7 32. Nxc8 Nf5 33. d5 Kf6
34. Ke2 Ne7 35. d6 Nc6 36. Ke3 Ke6 37. Ke4 Kd7 38. Kd5 Nd8 39. Nb6+ Ke8 40. Ke5
Nc6+ 41. Kf6 Nd8 42. d7+ Kf8 43. Na8 Nc6 44. Nc7 h6 45. Nxa6 g5 46. fxg5 hxg5
47. hxg5 Nd8 48. Nc7 Kg8 49. Ke7 Ne6 50. d8=Q+ Nxd8 51. Kxd8 Kg7 52. Kd7 Kg6
53. Kc6 Kxg5 54. Kxb5 f5 55. Kxc4 f4 56. Nd5 f3 57. Kd3 Kg4 58. Ne3+ Kg3 59. b4
1-0

[Event "Junior Online 4NCL Division 4"]
[Site "online"]
[Date "2020.10.01"]
[Round "4.33"]
[White "Badhrinath, Adhvaith B"]
[Black "Sisupalan, Beni"]
[Result "0-1"]
[WhiteElo "1232"]
[BlackElo "1345"]
[PlyCount "74"]
[EventDate "2020.10.01"]
[WhiteTeam "KEGS Chelmsford"]
[BlackTeam "JHJ 5"]

1. e4 e5 2. Nf3 Nc6 3. Bb5 a6 4. Ba4 Bc5 5. Nc3 Nf6 6. d3 d6 7. h3 O-O 8. Bg5
h6 9. Bh4 Re8 10. O-O Qe7 11. Re1 Qe6 12. Bxf6 Qxf6 13. Nd5 Qd8 14. a3 b5 15.
Bb3 Nd4 16. Nxd4 Bxd4 17. c3 Ba7 18. Qf3 Be6 19. c4 c6 20. Ne3 Bxe3 21. Qxe3
bxc4 22. dxc4 Rb8 23. Ba4 Qb6 24. Rad1 Qxe3 25. Rxe3 Rxb2 26. Rxd6 Bxc4 27.
Bxc6 Re6 28. Rd8+ Kh7 29. Bd7 Rb1+ 30. Kh2 Rf6 31. Bf5+ g6 32. Bg4 Rxf2 33. Kg3
Rbb2 34. Rf3 Rxg2+ 35. Kh4 h5 36. Bd7 Kh6 37. Rxf7 g5# 0-1

[Event "Junior Online 4NCL Division 4"]
[Site "online"]
[Date "2020.10.01"]
[Round "4.34"]
[White "Nilim, Armaan"]
[Black "Siriwardana, Dinil"]
[Result "1-0"]
[WhiteElo "1285"]
[BlackElo "1292"]
[PlyCount "147"]
[EventDate "2020.10.01"]
[WhiteTeam "JHJ 5"]
[BlackTeam "KEGS Chelmsford"]

1. d4 e5 2. dxe5 Nc6 3. Nf3 Qe7 4. Bf4 Qb4+ 5. Bd2 Qxb2 6. Nc3 Bb4 7. Rb1 Qa3
8. Rb3 Qa5 9. a3 Bxa3 10. Nb5 Bb4 11. Nxc7+ Qxc7 12. Bxb4 Nxb4 13. Rxb4 Qc3+
14. Qd2 Qa1+ 15. Qd1 Qa5 16. c3 Ne7 17. e4 Nc6 18. Rb5 Qxc3+ 19. Qd2 Qa1+ 20.
Qd1 Qxd1+ 21. Kxd1 O-O 22. Bd3 f6 23. exf6 Rxf6 24. e5 Rf8 25. Ke2 a6 26. Rb2
b5 27. Ng5 g6 28. Be4 Re8 29. f4 d6 30. Bxc6 Bg4+ 31. Kf2 h6 32. Bxe8 Rxe8 33.
exd6 hxg5 34. fxg5 Re5 35. Rc2 Rxg5 36. Rc7 Rf5+ 37. Kg3 Rg5 38. Kf4 Rd5 39.
Kxg4 Rxd6 40. Rc8+ Kg7 41. Re1 Rd4+ 42. Kf3 Rd3+ 43. Kf2 Rd2+ 44. Kg1 a5 45.
Ra8 a4 46. Rb8 Rb2 47. Rc8 b4 48. Rcc1 a3 49. Re7+ Kf6 50. Ree1 a2 51. Ra1 b3
52. Rec1 Rc2 53. Rxc2 bxc2 54. Kf2 Ke5 55. Ke3 Kd5 56. Kd3 c1=Q 57. Rxc1 Ke5
58. Ra1 Kf4 59. Rxa2 g5 60. g3+ Kf3 61. Re2 g4 62. Re3+ Kg2 63. Ke4 Kxh2 64.
Kf4 Kh3 65. Re1 Kh2 66. Kg5 Kxg3 67. Re4 Kh3 68. Rxg4 Kh2 69. Kf4 Kh3 70. Kf3
Kh2 71. Rg3 Kh1 72. Kf2 Kh2 73. Ra3 Kh1 74. Rh3# 1-0

[Event "Junior Online 4NCL Division 4"]
[Site "online"]
[Date "2020.10.01"]
[Round "4.35"]
[White "Zhao, George"]
[Black "Smith, Ryan S"]
[Result "0-1"]
[WhiteElo "1330"]
[BlackElo "1765"]
[PlyCount "76"]
[EventDate "2020.10.01"]
[WhiteTeam "JHJ 5"]
[BlackTeam "KEGS Chelmsford"]

1. b3 e5 2. Bb2 Nc6 3. c4 Nf6 4. Nf3 e4 5. Nd4 Bc5 6. Nxc6 dxc6 7. e3 O-O 8. d4
exd3 9. Qxd3 Qe7 10. Be2 Rd8 11. Qc2 Ng4 12. O-O Qh4 13. Bxg4 Bxg4 14. h3 Bh5
15. Nd2 Bg6 16. Nf3 Bxc2 17. Nxh4 Rd2 18. Bc3 Re2 19. Rfe1 Rxe1+ 20. Rxe1 Rd8
21. Re2 Rd1+ 22. Kh2 Bd6+ 23. g3 Bd3 24. Re1 Rxe1 25. Bxe1 Bb1 26. Bc3 Bxa2 27.
Nf5 Bf8 28. Nd4 c5 29. Nb5 Bxb3 30. Nxa7 Bxc4 31. Kg2 b5 32. Nc6 b4 33. Bb2
Bd5+ 34. f3 Bxc6 35. e4 c4 36. e5 c3 37. Bc1 b3 38. Kf2 b2 0-1

[Event "Junior Online 4NCL Division 4"]
[Site "online"]
[Date "2020.10.01"]
[Round "4.36"]
[White "Arun Jacob, Nigel A"]
[Black "Bryant, Harry"]
[Result "1-0"]
[WhiteElo "1525"]
[BlackElo "1330"]
[PlyCount "105"]
[EventDate "2020.10.01"]
[WhiteTeam "KEGS Chelmsford"]
[BlackTeam "JHJ 5"]

1. d4 d5 2. c4 e6 3. Nc3 Nf6 4. Bf4 Bb4 5. e3 Bxc3+ 6. bxc3 c6 7. Nf3 Qa5 8.
Qc2 Nbd7 9. Bd6 Qd8 10. c5 Ne4 11. Bd3 Nxd6 12. cxd6 Nb6 13. Bxh7 g6 14. Bxg6
fxg6 15. Qxg6+ Kd7 16. Qg3 Nc4 17. O-O Qg8 18. Ne5+ Nxe5 19. dxe5 b6 20. Rac1
Ba6 21. Rfe1 Qxg3 22. hxg3 Rh6 23. e4 Rah8 24. f4 Rh1+ 25. Kf2 R1h2 26. exd5
cxd5 27. g4 Bb7 28. Rg1 R2h4 29. Kg3 Ba6 30. f5 Be2 31. f6 Bxg4 32. Kf2 Rh2 33.
Kg3 Bf5 34. Kf4 R8h4+ 35. Kf3 Be4+ 36. Kf2 Rg4 37. Ke3 Rgxg2 38. Rxg2 Rxg2 39.
f7 Rg3+ 40. Ke2 Rf3 41. Rf1 Rxf7 42. Rxf7+ Kc6 43. Rc7+ Kb5 44. d7 d4 45. d8=Q
Bd3+ 46. Kxd3 Ka6 47. Qc8+ Ka5 48. Rxa7+ Kb5 49. Qa6+ Kc6 50. Qa4+ b5 51. Qa6+
Kc5 52. Rc7+ Kd5 53. Qd6# 1-0

[Event "Junior Online 4NCL Division 4"]
[Site "online"]
[Date "2020.10.01"]
[Round "4.37"]
[White "Sisupalan, Beni"]
[Black "Badhrinath, Adhvaith B"]
[Result "1-0"]
[WhiteElo "1345"]
[BlackElo "1232"]
[PlyCount "37"]
[EventDate "2020.10.01"]
[WhiteTeam "JHJ 5"]
[BlackTeam "KEGS Chelmsford"]

1. e4 e5 2. Nf3 Nc6 3. Bc4 Nd4 4. Nxd4 exd4 5. c3 Bc5 6. Qh5 g6 7. Qxc5 d6 8.
Qxd4 Nf6 9. O-O O-O 10. d3 Bg4 11. Bg5 Kg7 12. e5 dxe5 13. Bxf6+ Qxf6 14. Qxg4
Rfe8 15. f4 exf4 16. Rxf4 Qc6 17. Rxf7+ Kh8 18. Qd4+ Kg8 19. Qg7# 1-0

[Event "Junior Online 4NCL Division 4"]
[Site "online"]
[Date "2020.10.01"]
[Round "4.38"]
[White "Siriwardana, Dinil"]
[Black "Nilim, Armaan"]
[Result "1-0"]
[WhiteElo "1292"]
[BlackElo "1285"]
[PlyCount "129"]
[EventDate "2020.10.01"]
[WhiteTeam "KEGS Chelmsford"]
[BlackTeam "JHJ 5"]

1. e4 c5 2. Bc4 e6 3. Nc3 Ne7 4. Nf3 d5 5. exd5 exd5 6. Bb5+ Bd7 7. Qe2 a6 8.
Bxd7+ Nxd7 9. d4 Qc7 10. O-O cxd4 11. Nxd4 Qe5 12. Re1 Qxe2 13. Rxe2 Kd8 14.
Bf4 Ng6 15. Nxd5 Nxf4 16. Nxf4 Bc5 17. Rd2 Bxd4 18. Rxd4 Kc7 19. Rad1 Rad8 20.
Nd5+ Kb8 21. Nb6 Rhe8 22. Nxd7+ Kc8 23. Nb6+ Kc7 24. Nd5+ Kc6 25. Ne7+ Kc7 26.
Nd5+ Kc6 27. Nb4+ Kc7 28. Rxd8 Rxd8 29. Rxd8 Kxd8 30. c4 Kd7 31. Kf1 Kd6 32.
Ke2 Kc5 33. a3 Kxc4 34. Ke3 Kb3 35. Nd3 h6 36. Ke4 Kc2 37. b4 Kb3 38. Kd5 Kxa3
39. Kd6 Kb3 40. Ke7 Kc4 41. Nc5 b6 42. Nxa6 Kb5 43. Nc7+ Kxb4 44. Nd5+ Kc5 45.
Nxb6 Kxb6 46. Kxf7 g5 47. Kg6 g4 48. Kxh6 Kc5 49. Kh5 Kd4 50. Kxg4 Ke5 51. Kg5
Ke6 52. Kg6 Ke5 53. h4 Kf4 54. h5 Ke4 55. h6 Kd3 56. h7 Ke2 57. h8=Q Kxf2 58.
Qf6+ Kxg2 59. Kf7 Kh1 60. Qg5 Kh2 61. Kf6 Kh1 62. Kf5 Kh2 63. Kf4 Kh1 64. Kf3
Kh2 65. Qg2# 1-0

[Event "Junior Online 4NCL Division 4"]
[Site "online"]
[Date "2020.10.01"]
[Round "4.41"]
[White "Timbrell, Matthew"]
[Black "Belur, Ankita"]
[Result "1-0"]
[WhiteElo "1682"]
[BlackElo "1427"]
[PlyCount "143"]
[EventDate "2020.10.01"]
[WhiteTeam "Somerset Lions"]
[BlackTeam "Barnet Knights B"]

1. c4 d6 2. Nc3 Nf6 3. g3 g6 4. Bg2 Bg7 5. e3 c6 6. Nge2 O-O 7. d4 Nbd7 8. O-O
a6 9. b3 b5 10. cxb5 axb5 11. Nxb5 Rb8 12. Nbc3 c5 13. dxc5 Nxc5 14. Bb2 Qc7
15. Qc2 Bb7 16. Rac1 Bxg2 17. Kxg2 Qc6+ 18. Kg1 Rfc8 19. Nd4 Qb7 20. Qe2 e5 21.
Nf3 Nfe4 22. Nxe4 Nxe4 23. Rxc8+ Rxc8 24. Rc1 Rxc1+ 25. Bxc1 Qc6 26. Bb2 Bf6
27. b4 Qa4 28. a3 Qb3 29. Ne1 Be7 30. Nd3 d5 31. Nxe5 Bf6 32. Nd3 Bxb2 33. Nxb2
Qxa3 34. b5 Qb4 35. f3 Nc3 36. Qd2 Qc5 37. Kf2 Nxb5 38. Nd3 Qc3 39. Qxc3 Nxc3
40. Nb4 Kf8 41. Ke1 Ke7 42. Kd2 Nb5 43. Nxd5+ Kd6 44. Nf6 h5 45. Ne4+ Ke5 46.
Kd3 Nc7 47. f4+ Kd5 48. Ng5 f5 49. Nf3 Nb5 50. Ne5 Nd6 51. Nxg6 Ne4 52. Nh4
Nf2+ 53. Ke2 Ng4 54. Nxf5 Ke4 55. h3 Nf6 56. Nd6+ Kd5 57. Nf7 Ke4 58. Ng5+ Kf5
59. Kf3 Nd5 60. e4+ Kf6 61. exd5 Ke7 62. f5 Kd6 63. Ke4 Ke7 64. Ke5 Kd7 65. f6
Ke8 66. f7+ Kf8 67. d6 Kg7 68. d7 Kf8 69. d8=Q+ Kg7 70. Qg8+ Kh6 71. Kf6 h4 72.
Qg6# 1-0

[Event "Junior Online 4NCL Division 4"]
[Site "online"]
[Date "2020.10.01"]
[Round "4.43"]
[White "Wang, Andy"]
[Black "Rupf, Oscar"]
[Result "1-0"]
[WhiteElo "1525"]
[BlackElo "1405"]
[PlyCount "71"]
[EventDate "2020.10.01"]
[WhiteTeam "Somerset Lions"]
[BlackTeam "Barnet Knights B"]

1. d4 e6 2. Bf4 d5 3. Nf3 c5 4. e3 Nc6 5. Bb5 a6 6. Be2 Nf6 7. c3 Qb6 8. Qd2
cxd4 9. exd4 Be7 10. Qc2 O-O 11. Bd3 h6 12. Nbd2 Qd8 13. O-O Bd6 14. Bxd6 Qxd6
15. Rfe1 Re8 16. Nb3 b5 17. Re2 Bd7 18. Rae1 Rac8 19. Nc5 Ra8 20. b4 Bc8 21.
Ne5 Nxe5 22. dxe5 Qc6 23. exf6 gxf6 24. Re3 a5 25. Rg3+ Kf8 26. bxa5 Qxc5 27.
Bh7 Rxa5 28. Rg8+ Ke7 29. Rg3 Bd7 30. Rh3 Ra3 31. Ree3 d4 32. Re2 Rxc3 33. Qe4
Rc1+ 34. Re1 Rxe1+ 35. Qxe1 Qc2 36. Bxc2 1-0

[Event "Junior Online 4NCL Division 4"]
[Site "online"]
[Date "2020.10.01"]
[Round "4.44"]
[White "Bracken, Layla"]
[Black "Ranpura, Kirin"]
[Result "0-1"]
[WhiteElo "1405"]
[BlackElo "1382"]
[PlyCount "72"]
[EventDate "2020.10.01"]
[WhiteTeam "Barnet Knights B"]
[BlackTeam "Somerset Lions"]

1. e4 e6 2. d4 d5 3. e5 c5 4. c3 Nc6 5. Nf3 Nge7 6. a3 a5 7. Bb5 Qb6 8. a4 Ng6
9. O-O Be7 10. h3 O-O 11. Nh2 cxd4 12. Bxc6 bxc6 13. cxd4 c5 14. Be3 Qxb2 15.
Nc3 Qxc3 16. Rb1 cxd4 17. Bxd4 Qc7 18. Rc1 Qd7 19. f4 Ba6 20. Rf2 Rab8 21. g4
Rfc8 22. Rxc8+ Rxc8 23. f5 Nf8 24. f6 Bc5 25. Bxc5 Rxc5 26. g5 g6 27. Ng4 Qc7
28. Kg2 Bb7 29. Nh6+ Kh8 30. Nxf7+ Qxf7 31. h4 Qc7 32. Qf3 d4 33. Qxb7 Qxb7+
34. Kg3 Rc3+ 35. Kg4 Qe4+ 36. Rf4 Qg2# 0-1

[Event "Junior Online 4NCL Division 4"]
[Site "online"]
[Date "2020.10.01"]
[Round "4.45"]
[White "Belur, Ankita"]
[Black "Timbrell, Matthew"]
[Result "1/2-1/2"]
[WhiteElo "1427"]
[BlackElo "1682"]
[PlyCount "144"]
[EventDate "2020.10.01"]
[WhiteTeam "Barnet Knights B"]
[BlackTeam "Somerset Lions"]

1. c4 e5 2. Nc3 Nc6 3. Nf3 g6 4. d3 Bg7 5. g3 d6 6. Bg2 f5 7. O-O Nf6 8. a3 O-O
9. b4 a6 10. Bb2 Nh5 11. Rb1 f4 12. Ne4 h6 13. Nh4 g5 14. Nf3 Be6 15. c5 d5 16.
Nc3 Bf5 17. Qb3 Be6 18. Qc2 Kh8 19. Nd2 Qd7 20. Rfe1 Rad8 21. e3 Bh3 22. Bh1 g4
23. exf4 exf4 24. Ne2 f3 25. Bxg7+ Nxg7 26. Nf4 Nd4 27. Qd1 Qf5 28. Nf1 Bxf1
29. Rxf1 Rde8 30. Rb2 Re7 31. Re1 Rfe8 32. Rxe7 Rxe7 33. Qd2 Ne2+ 34. Nxe2 Rxe2
35. Qxh6+ Kg8 36. Qc1 Qxd3 37. Rxe2 Qxe2 38. Qf1 Nf5 39. a4 Nd4 40. a5 c6 41.
h3 gxh3 42. Qxh3 Qe1+ 43. Qf1 Qxf1+ 44. Kxf1 Nc2 45. Bxf3 Nxb4 46. Bg4 Nd3 47.
Bc8 Nxc5 48. Ke2 Kf7 49. Ke3 Ke7 50. Kf4 Kd8 51. Bh3 Nb3 52. g4 Ke7 53. Kg5 Kf7
54. Kh6 Nd4 55. Kh7 Ne6 56. f4 Nxf4 57. g5 Ne6 58. g6+ Ke7 59. g7 Nxg7 60. Kxg7
Kd6 61. Bc8 d4 62. Bf5 Kc5 63. Kf6 Kb5 64. Ke5 c5 65. Kd5 b6 66. axb6 Kxb6 67.
Kc4 a5 68. Bc2 Kc6 69. Ba4+ Kb6 70. Bc2 Kc6 71. Ba4+ Kd6 72. Bc2 Kc6 1/2-1/2

[Event "Junior Online 4NCL Division 4"]
[Site "online"]
[Date "2020.10.01"]
[Round "4.47"]
[White "Rupf, Oscar"]
[Black "Wang, Andy"]
[Result "1/2-1/2"]
[WhiteElo "1405"]
[BlackElo "1525"]
[PlyCount "57"]
[EventDate "2020.10.01"]
[WhiteTeam "Barnet Knights B"]
[BlackTeam "Somerset Lions"]

1. e4 e5 2. Nf3 Nc6 3. d4 exd4 4. Nxd4 Nxd4 5. Qxd4 d6 6. Nc3 Nf6 7. Bg5 h6 8.
Bxf6 Qxf6 9. Qxf6 gxf6 10. O-O-O Be6 11. f4 f5 12. e5 O-O-O 13. g3 Bg7 14. exd6
Bxc3 15. bxc3 Rxd6 16. Rxd6 cxd6 17. a3 Kd7 18. Bb5+ Ke7 19. Re1 a6 20. Bf1 Rc8
21. Kb2 Kd7 22. Bh3 Rc5 23. Bf1 Rc6 24. Rd1 Rb6+ 25. Kc1 Rc6 26. Kb2 Rb6+ 27.
Kc1 Ba2 28. Bh3 Be6 29. Bf1 1/2-1/2

[Event "Junior Online 4NCL Division 4"]
[Site "online"]
[Date "2020.10.01"]
[Round "4.48"]
[White "Ranpura, Kirin"]
[Black "Bracken, Layla"]
[Result "0-1"]
[WhiteElo "1382"]
[BlackElo "1405"]
[PlyCount "71"]
[EventDate "2020.10.01"]
[WhiteTeam "Somerset Lions"]
[BlackTeam "Barnet Knights B"]

1. d4 g6 2. Nc3 Bg7 3. e4 d6 4. Nf3 Bg4 5. Be2 Nc6 6. O-O Nf6 7. Bf4 O-O 8. Qd2
e5 9. dxe5 Bxf3 10. exf6 Bxe2 11. Qxe2 Bxf6 12. Bh6 Bg7 13. Qe3 Ne5 14. Rad1
Ng4 15. Qh3 Nxh6 16. Rfe1 Re8 17. e5 Bxe5 18. Qxh6 Bg7 19. Qh3 a5 20. Qf3 b6
21. Rxe8+ Qxe8 22. Nd5 Qd7 23. Nf6+ Bxf6 24. Qxa8+ Kg7 25. b3 h5 26. Qf3 c5 27.
a4 g5 28. h3 Kg6 29. Qd3+ Kh6 30. Qxd6 Qf5 31. Qf8+ Kg6 32. Rd6 Qxc2 33. Qg8+
Kh6 34. Rxf6+ Qg6 35. Rxg6+ fxg6 36. Qh8# 0-1

[Event "Junior Online 4NCL Division 4"]
[Site "online"]
[Date "2020.10.01"]
[Round "4.51"]
[White "Patel, Zain"]
[Black "Hanache, Kai"]
[Result "0-1"]
[WhiteElo "1540"]
[BlackElo "1240"]
[PlyCount "144"]
[EventDate "2020.10.01"]
[WhiteTeam "KCJS 2"]
[BlackTeam "JHJ 6"]

1. e4 c6 2. Nc3 d5 3. Nf3 dxe4 4. Nxe4 Nf6 5. Nxf6+ exf6 6. Bc4 Bd6 7. O-O O-O
8. d4 Bg4 9. Be3 Qc7 10. h3 Bh5 11. d5 cxd5 12. Qxd5 Bxf3 13. gxf3 Nc6 14. Rad1
Rfd8 15. Qh5 Ne5 16. Bb3 g6 17. Qh6 Nxf3+ 18. Kg2 Ng5 19. Bxg5 Bf8 20. Qh4 fxg5
21. Qxg5 Be7 22. Qg4 Qc6+ 23. Kg1 Bd6 24. Rd3 Bc5 25. Qc4 Rf8 26. Rd5 Rac8 27.
Qf4 Rce8 28. Rfd1 Re2 29. Rf1 Qb6 30. Qf3 Re6 31. Rd7 Rf6 32. Qxb7 Bxf2+ 33.
Kg2 Qe3 34. Rd3 Qg5+ 35. Kh1 Re8 36. Qg2 Qf5 37. Rd2 Re1 38. Rxe1 Bxe1 39. Re2
Bb4 40. Bd5 Rd6 41. c4 Bc5 42. a3 Rd8 43. b4 Bd6 44. Re1 Qf4 45. Rf1 Qe5 46.
Bxf7+ Kg7 47. Bd5 Bb8 48. Qf2 Re8 49. Qf7+ Kh6 50. Qf2 Kg7 51. Bc6 Rc8 52. Bd7
Rd8 53. Bg4 Rd3 54. Qf7+ Kh6 55. Qf8+ Kg5 56. Qf2 Rxa3 57. Rg1 Kh6 58. Qf8+ Qg7
59. Qf2 Qb7+ 60. Bf3 Qxf3+ 61. Qxf3 Rxf3 62. Rg2 Rf4 63. Rc2 Bc7 64. c5 Rxb4
65. Kg2 a5 66. Kf3 a4 67. Ra2 Ba5 68. c6 Rc4 69. Kg3 Rc3+ 70. Kg4 Kg7 71. Rxa4
h5+ 72. Kh4 Bd8# 0-1

[Event "Junior Online 4NCL Division 4"]
[Site "online"]
[Date "2020.10.01"]
[Round "4.52"]
[White "Pipalia, Rishi"]
[Black "Singh, Hari"]
[Result "0-1"]
[WhiteElo "1202"]
[BlackElo "1495"]
[PlyCount "74"]
[EventDate "2020.10.01"]
[WhiteTeam "JHJ 6"]
[BlackTeam "KCJS 2"]

1. e4 c5 2. d4 cxd4 3. c3 Nf6 4. Bd3 g6 5. cxd4 d6 6. Nc3 Bg7 7. Be3 O-O 8. Nf3
Bg4 9. O-O Nc6 10. h3 Be6 11. d5 Bd7 12. dxc6 Bxc6 13. Qc1 Rc8 14. Bh6 Bxe4 15.
Bxg7 Kxg7 16. Qe3 Bxd3 17. Qxd3 Qb6 18. Rab1 e5 19. Rfd1 Rcd8 20. Nd5 Nxd5 21.
Qxd5 h6 22. Nh2 Rfe8 23. Ng4 Re6 24. Qd2 g5 25. h4 gxh4 26. Qd3 Qc6 27. Rbc1
Qb6 28. Rb1 h5 29. Nh2 Rg6 30. Qh3 Qc6 31. Rdc1 Qd5 32. Rd1 Qxa2 33. Qxh4 Rh8
34. Qe4 Qa6 35. Qb4 h4 36. Kh1 Qc6 37. Rdc1 Qxg2# 0-1

[Event "Junior Online 4NCL Division 4"]
[Site "online"]
[Date "2020.10.01"]
[Round "4.53"]
[White "Gupta, Aarav G"]
[Black "Cancedda-Dupuis, Livio"]
[Result "1/2-1/2"]
[WhiteElo "1450"]
[BlackElo "1180"]
[PlyCount "87"]
[EventDate "2020.10.01"]
[WhiteTeam "KCJS 2"]
[BlackTeam "JHJ 6"]

1. e4 e5 2. Nf3 Nc6 3. Bc4 Bc5 4. O-O Nf6 5. Nc3 d6 6. h3 Bb4 7. d3 Be6 8. Bb3
a5 9. Bg5 Nd4 10. Nxd4 exd4 11. Nd5 b5 12. Nxf6+ gxf6 13. Bxe6 fxe6 14. Bh4 Qe7
15. Qf3 Rf8 16. e5 Kd7 17. exf6 Qf7 18. a3 Bc5 19. Rae1 Rg8 20. Rd1 Rab8 21.
Rfe1 Rg6 22. Re4 Rbg8 23. g3 e5 24. Qf5+ Qe6 25. Qxe6+ Kxe6 26. Rde1 Rh6 27.
Kh2 Rf8 28. f4 Rh5 29. Bg5 h6 30. Bh4 Kd5 31. Kg2 exf4 32. Rxf4 Re5 33. Rxe5+
dxe5 34. Rf2 e4 35. f7 e3 36. Rf3 b4 37. a4 Bd6 38. b3 c5 39. g4 Kc6 40. Rf6
Kd7 41. Rf3 Be7 42. Bg3 Bd6 43. Be1 Ke6 44. h4 1/2-1/2

[Event "Junior Online 4NCL Division 4"]
[Site "online"]
[Date "2020.10.01"]
[Round "4.54"]
[White "Pipalia, Ayush"]
[Black "Buanne, Giulio"]
[Result "0-1"]
[WhiteElo "1127"]
[BlackElo "1405"]
[PlyCount "72"]
[EventDate "2020.10.01"]
[WhiteTeam "JHJ 6"]
[BlackTeam "KCJS 2"]

1. d4 d5 2. Bf4 Bf5 3. Nc3 a6 4. Nf3 Nc6 5. a3 Nf6 6. e3 e6 7. Bd3 Bxd3 8. Qxd3
Be7 9. O-O O-O 10. Ng5 g6 11. e4 dxe4 12. Ncxe4 Nxd4 13. Nxf6+ Bxf6 14. h4 e5
15. Be3 Re8 16. Qc4 Bxg5 17. Bxg5 Qd7 18. Rfd1 b5 19. Qc3 c5 20. Qxc5 Qg4 21.
f3 Nxf3+ 22. Kf2 Nxh4 23. Bxh4 Qxh4+ 24. Ke3 Qf4+ 25. Ke2 Rac8 26. Qa7 Rxc2+
27. Kd3 Rxb2 28. Kc3 Rxg2 29. Rd7 Qg3+ 30. Kb4 Rb2+ 31. Ka5 Qh4 32. Rxf7 Qa4+
33. Kb6 Qd4+ 34. Kb7 Qd5+ 35. Kb6 Re6+ 36. Ka5 Qd2# 0-1

[Event "Junior Online 4NCL Division 4"]
[Site "online"]
[Date "2020.10.01"]
[Round "4.55"]
[White "Hanache, Kai"]
[Black "Patel, Zain"]
[Result "0-1"]
[WhiteElo "1240"]
[BlackElo "1540"]
[PlyCount "110"]
[EventDate "2020.10.01"]
[WhiteTeam "JHJ 6"]
[BlackTeam "KCJS 2"]

1. e4 c5 2. Nf3 d6 3. d4 cxd4 4. Nxd4 Nf6 5. Nc3 a6 6. Bc4 e6 7. O-O b5 8. Bb3
Be7 9. Be3 O-O 10. f4 b4 11. Nce2 Nxe4 12. Nf3 Nc5 13. Bxc5 dxc5 14. Qe1 Nc6
15. Qg3 Nd4 16. Nexd4 cxd4 17. Rad1 Bc5 18. Kh1 Bb7 19. Qg4 a5 20. f5 exf5 21.
Qxf5 a4 22. Bc4 Qd6 23. Ne5 Bd5 24. Bxd5 Qxd5 25. c4 bxc3 26. bxc3 Bd6 27. cxd4
Qxa2 28. Rf4 Bxe5 29. Qxe5 Qc2 30. Rdf1 a3 31. Qd5 Ra7 32. h3 a2 33. R4f2 Qxf2
34. Rxf2 a1=Q+ 35. Kh2 Qa5 36. Qe4 Qc7+ 37. g3 Qe7 38. Qd5 Rd7 39. Qc4 Qe3 40.
Rxf7 Rdxf7 41. h4 Qf2+ 42. Kh3 Qf5+ 43. Kh2 Qg4 44. Qa2 Kh8 45. Kg2 Rf2+ 46.
Qxf2 Rxf2+ 47. Kxf2 Qxd4+ 48. Kg2 Kg8 49. Kh3 Kf7 50. g4 Kg6 51. h5+ Kg5 52.
Kh2 Qxg4 53. Kh1 Kf4 54. h6 Kf3 55. hxg7 Qg2# 0-1

[Event "Junior Online 4NCL Division 4"]
[Site "online"]
[Date "2020.10.01"]
[Round "4.56"]
[White "Singh, Hari"]
[Black "Pipalia, Rishi"]
[Result "0-1"]
[WhiteElo "1495"]
[BlackElo "1202"]
[PlyCount "54"]
[EventDate "2020.10.01"]
[WhiteTeam "KCJS 2"]
[BlackTeam "JHJ 6"]

1. d4 e5 2. dxe5 Nc6 3. Nf3 Qe7 4. Bf4 Qb4+ 5. Bd2 Qxb2 6. Bc3 Bb4 7. Bxb4 Nxb4
8. Nbd2 Qxa1 9. Qxa1 Nxc2+ 10. Kd1 Nxa1 11. Kc1 d6 12. Kb2 dxe5 13. Nxe5 f6 14.
Nef3 Ne7 15. Kxa1 Be6 16. Nd4 Bf7 17. Nb5 O-O-O 18. Nxa7+ Kb8 19. Nb5 Rxd2 20.
e3 Rxa2+ 21. Kb1 Rxf2 22. g3 Rd8 23. Bh3 Rdd2 24. Nc3 Rxh2 25. Rxh2 Rxh2 26.
Bd7 c6 27. Ne4 Bg6 0-1

[Event "Junior Online 4NCL Division 4"]
[Site "online"]
[Date "2020.10.01"]
[Round "4.57"]
[White "Cancedda-Dupuis, Livio"]
[Black "Gupta, Aarav G"]
[Result "1-0"]
[WhiteElo "1180"]
[BlackElo "1450"]
[PlyCount "77"]
[EventDate "2020.10.01"]
[WhiteTeam "JHJ 6"]
[BlackTeam "KCJS 2"]

1. e4 e5 2. Nf3 Nc6 3. Be2 Bc5 4. Nc3 Nf6 5. d3 h6 6. Be3 Bb4 7. O-O O-O 8. Qd2
d6 9. a3 Ba5 10. b4 Bb6 11. Na4 Bd4 12. Nxd4 Nxd4 13. f4 Nxe2+ 14. Qxe2 Bg4 15.
Qd2 Bd7 16. Nc3 c6 17. f5 b6 18. h3 d5 19. exd5 cxd5 20. d4 e4 21. Rf4 Nh5 22.
Rg4 Bxf5 23. Bxh6 Bxg4 24. hxg4 Ng3 25. Bf4 Qh4 26. Qe1 Qh1+ 27. Kf2 Qxe1+ 28.
Rxe1 f5 29. Kxg3 fxg4 30. Nxd5 Rae8 31. Nc7 Rc8 32. Rxe4 Rf7 33. Re8+ Rxe8 34.
Nxe8 Kf8 35. Nd6 Rf6 36. Kxg4 Ke7 37. Bg5 Kxd6 38. Bxf6 gxf6 39. Kf5 1-0

[Event "Junior Online 4NCL Division 4"]
[Site "online"]
[Date "2020.10.01"]
[Round "4.58"]
[White "Buanne, Giulio"]
[Black "Pipalia, Ayush"]
[Result "1-0"]
[WhiteElo "1405"]
[BlackElo "1127"]
[PlyCount "43"]
[EventDate "2020.10.01"]
[WhiteTeam "KCJS 2"]
[BlackTeam "JHJ 6"]

1. e4 e5 2. Nf3 Nc6 3. Bc4 h6 4. d3 Nf6 5. c3 Bc5 6. d4 exd4 7. cxd4 Bb4+ 8.
Nc3 Nxe4 9. O-O Nxc3 10. Re1+ Ne7 11. Qc2 O-O 12. bxc3 Bd6 13. Nh4 b6 14. Qe4
Rb8 15. Bd3 g6 16. Bxh6 Re8 17. Qg4 Ba3 18. Bxg6 d5 19. Bf5+ Ng6 20. Nxg6 Bxf5
21. Ne7+ Kh7 22. Qg7# 1-0